Music Quiz

Random Music Quiz

Rateyourmusic's Top 100 Death Metal Albums Quiz Stats

 Plays Quiz not verified by Sporcle

Also try: Five Album Frenzy
Challenge
Share
Tweet
Embed
Score 0/100 Timer 20:00
0 Plays Today
Album Answer % Correct
1. Symbolic (1995)Death
100%
2. Human (1991)Death
100%
3. The Sound of Perseverance (1998) Death
100%
5. Individual Thought Patterns (1993)Death
100%
15. Leprosy (1988)Death
100%
77. Spiritual Healing (1990)Death
100%
82. Scream Bloody Gore (1987)Death
100%
4. Altars of Madness (1989)Morbid Angel
95.7%
21. Covenant (1993)Morbid Angel
95.7%
22. Blessed are the Sick (1991)Morbid Angel
95.7%
13. Necroticism - Descanting the Insalubrious (1991)Carcass
89.1%
18. Heartwork (1993)Carcass
89.1%
16. Left Hand Path (1990)Entombed
85.5%
20. Clandestine (1991)Entombed
85.5%
96. Wolverine Blues (1993)Entombed
85.5%
29. Slaughter of the Soul (1995)At the Gates
84.1%
32. The Jester Race (1996)In Flames
84.1%
64. Whoracle (1997)In Flames
84.1%
89. Colony (1999)In Flames
84.1%
31. Seven Churches (1985)Possessed
83.3%
6. Unquestionable Presence (1991)Atheist
82.6%
40. Piece of Time (1989)Atheist
82.6%
80. Elements (1993)Atheist
82.6%
39. Cause of Death (1990)Obituary
79%
97. Slowly We Rot (1989)Obituary
79%
8. Close to a World Below (2000)Immolation
77.5%
26. Unholy Cut (2002)Immolation
77.5%
35. Here in After (1996)Immolation
77.5%
38. Diabolical Conquest (1998)Immolation
77.5%
59. Dawn of Possession (1991)Immolation
77.5%
58. Legion (1992)Deicide
76.8%
69. (s/t) (1990)Deicide
76.8%
85. The Satanist (2014)Behemoth
76.8%
25. Pierced From Within (1995)Suffocation
76.1%
Album Answer % Correct
30. Effigy of the Forgotten (1991)Suffocation
76.1%
44. Annihilation of the Wicked (2005) Nile
74.6%
48. In Their Darkened Shrines (2002)Nile
74.6%
65. With Oden on Our Side (2006)Amon Amarth
73.9%
87. Twilight of the Thunder God (2008)Amon Amarth
73.9%
9. Like an Ever Flowing Stream (1991)Dismember
72.5%
10. Mental Funeral (1991)Autopsy
72.5%
17. Those Once Loyal (2005)Bolt Thrower
72.5%
27. Severed Survival (1989)Autopsy
72.5%
37. ...For Victory (1994)Bolt Thrower
72.5%
41. The IVth Crusade (1992)Bolt Thrower
72.5%
71. War Master (1991)Bolt Thrower
72.5%
75. Realm of Chaos (1989)Bolt Thrower
72.5%
95. Indecent and Obscene (1993)Dismember
72.5%
7. Crimson (1996)Edge of Sanity
71.7%
12. None So Vile (1996)Cryptopsy
71.7%
55. Crimson II (2003)Edge of Sanity
71.7%
79. Purgatory Afterglow (1994)Edge of Sanity
71.7%
11. Obscura (1998)Gorguts
68.8%
14. From Mars to Sirius (2005)Gorguts
68.8%
19. Focus (1993)Cynic
68.8%
43. Colored Sands (2013)Gorguts
68.8%
51. The Erosion of Sanity (1993)Gorguts
68.8%
56. From Wisdom to Hate (2001)Gorguts
68.8%
72. The Way of All Flesh (2008)Gorguts
68.8%
45. Tales From the Thousand Lakes (1994)Amorphis
66.7%
62. Elegy (1996)Amorphis
66.7%
24. Consuming Impulse (1989)Pestilence
61.6%
60. Testimony of the Ancients (1991)Pestilence
61.6%
34. The Gallery (1995)Dark Tranquillity
60.1%
52. Damage Done (2002)Dark Tranquillity
60.1%
81. Fiction (2007)Dark Tranquillity
60.1%
94. Into the Grave (1991)Grave
55.1%
28. Onward to Golgotha (1992)Incantation
50.7%
Album Answer % Correct
36. Mortal Throne of Nazarene (1994)Incantation
50.7%
91. De Profundis (1995)Vader
49.3%
66. Communion (2008)Septicflesh
45.7%
92. Sumerian Daemons (2003)Septic Flesh
45.7%
100. The Great Mass (2011)Septicflesh
45.7%
23. Nespithe (1993)Demilich
43.5%
49. Last One on Earth (1992)Asphyx
43.5%
67. The Rack (1991)Asphyx
43.5%
50. Slumber of Sullen Eyes (1992)Demigod
39.1%
33. World Downfall (1989)Terrorizer
37.7%
74. The Key (1990)Nocturnus
35.5%
78. Extreme Conditions Demand Extreme Responses (1992)Brutal Truth
34.8%
86. Dark Recollections (1990)Carnage
33.3%
93. Retribution (1992)Malevolent Creation
32.6%
54. Farseeing the Paranormal Abysm (2009)The Chasm
29%
61. Procession to the Infraworld (2000)The Chasm
29%
68. Deathcult for Eternity: The Triumph (1998)The Chasm
29%
83. Words That Go Unspoken, Deeds That Go Undone (2005)Akercocke
29%
84. Conjuration of the Spectral Empire (2003)The Chasm
29%
88. The Spell of Retribution (2004)The Chasm
29%
46. The Nocturnal Silence (1993)Necrophobic
26.1%
42. Above the Weeping World (2006)Insomnium
23.9%
70. Winter's Gate (2016)Insomnium
23.9%
47. Screams of Anguish (1993)Brutality
22.5%
90. Deathrace King (2000)The Crown
22.5%
73. Graves of the Archangels (2008)Dead Congregation
20.3%
53. Everything is Fire (2009)Ulcerate
18.1%
98. Khaooohs & Kon-Fus-Ion (1996)Pan.Thy.Monium
15.9%
99. Order and Punishment (2005)!T.O.O.H.!
15.9%
57. Elvenefris (2000)Lykathea Aflame
13%
63. Stone's Reach (2009)Be'lakor
12.3%
76. (s/t) (2004)Wintersun
8.7%

You're not logged in!

Compare scores with friends on all Sporcle quizzes.
Join for Free
OR
Log In

You Might Also Like...

Show Comments

Extras

Created May 23, 2017ReportNominate
Tags:rym

Top Quizzes Today


Score Distribution

Your Account Isn't Verified!

In order to create a playlist on Sporcle, you need to verify the email address you used during registration. Go to your Sporcle Settings to finish the process.

Report this User

Report this user for behavior that violates our Community Guidelines.

Details: